000 00593nam a2200181Ia 4500
005 20250423100835.0
008 250422s9999 xx 000 0 und d
020 _a9780329372828
050 _aPZ 7 .T39/
100 _aTaylor, Mildred D.
245 0 _aRoll of thunder, hear my cry
260 _aNew York
260 _bPenguin Group
260 _c1976
300 _a276 p
650 _aAfrican Americans--Juvenile fiction. African Americans--Fiction. Prejudices--Fiction. Race relations--Fiction. Depressions--1929--Fiction. Mississippi--History--20th century--Fiction.
942 _cBK
999 _c34497
_d34497